Supernatural Season 15 Quiz (Part Two) - Statistics

General Stats
  • This quiz has been taken 79 times
  • The average score is 9 of 15
Answer Stats
Hint Answer % Correct
Who dies at the end of "Despair", but not before confessing their love for "humanity"? Castiel
98%
Which brother dies first? Dean
97%
What pet do the boys gain in "Carry On"? Dog
94%
Finish the Quote: "I _____ you" Love
89%
In "Last Holiday" who does Mrs. Butters see as a threat? Jack
86%
What happens to Jack at the end of "Inherit the Earth"? He becomes God
83%
Who also dies as a result? Billie
81%
What song plays as he drives through Heaven? "Carry On Wayward Son"
78%
How does he die? Impaled
44%
What original man do Jack and Dean encounter in "Unity"? Adam
42%
Finish the Quote: "Dad, it's ok. _________________" You can go now
42%
Who do Sam and Dean go looking for in "Gimme Shelter"? Amara
39%
How does Jack defeat Chuck at the end of "Inherit the Earth"? He makes him human
16%
Finish the Quote: "He's a ________. Don't let that throw ya!" Millennial
5%
What is special about the case the boys work in "Drag Me Away (From You)"? They worked it when they were younger
2%
No matching quizzes found
Score Distribution
Percent of People with Each Score
Percentile by Number Answered
Your Score History
You have not taken this quiz